00814nam a2200205 4500245009600000710001400096710001600110260004500126300002300171490004800194020001500242082001700257650003400274650002600308650003500334041000800369952010500377952010900482999001700591 aEducation : expectations, roles and behavioural approachcedited by V.K. Rao and R.S. Reddy aRao, V.K. aReddy, R.S. aNew DelhibCommonwealth Publishersc1992 a[4],340p.; 22cm.- aWorld educational development series; no. 2 a8171692249 a370.153bRAO aEducation-Aims And Objectives aEducational Sociology aEducation-Behavioural Approach aeng 001040708ENGaNEHUbNEHUd2011-11-24l0o370.153 RAOp164134r2011-11-24 00:00:00w2011-11-24yBK 001040708HISaNEHUbNEHUd2011-11-24l0o370.153 RAOp174432r2011-11-24 00:00:00t;1w2011-11-24yBK c48193d48193